R v First Secretary of State and Secretary of State for the Home Department ex p Cherwell DC (Record no. 118335)
[ view plain ]
| 000 -LEADER | |
|---|---|
| fixed length control field | 02328cam a2200301 4500 |
| 001 - CONTROL NUMBER | |
| control field | ABS68457 |
| 008 - FIXED-LENGTH DATA ELEMENTS--GENERAL INFORMATION | |
| fixed length control field | 041118n2004 000 0 eng u |
| 035 ## - SYSTEM CONTROL NUMBER | |
| System control number | (Sirsi) u128040 |
| 245 ## - TITLE STATEMENT | |
| Title | R v First Secretary of State and Secretary of State for the Home Department ex p Cherwell DC |
| 260 ## - PUBLICATION, DISTRIBUTION, ETC. | |
| Date of publication, distribution, etc. | 2004 |
| 520 ## - SUMMARY, ETC. | |
| Summary, etc. | [2004] EWCA Civ 1420, 28 October 2004. Appeal by local planning authority C against HC decision ([2004] EWHC 724 (Admin), Abs67754) which upheld the First SoS decision to give approval for a development by the Home Office for an accommodation centre for asylum seekers in a rural location in Oxfordshire. The appeal raises points relating to the use of non-statutory procedure introduced by DoE Circular 18/84 in connection with public/private partnership development projects. The grounds for appeal, as set out in Paragraph 34, raise issues of whether the proposed development was by or on behalf of the Crown.And as such, if it was an abuse of power for the Home Office to use the non-statutory consultation procedure (prescribed in Part IV of the memorandum accompanying DoE Circular 18/84 known as the NPD procedure) rather than applying for planning permission under the Town and Country Planning Act 1990 s299. "Held": that the development being carried out by a DBO contractor was a development by or on behalf of the Crown and that it was not an abuse of power for the Home Office to use the NPD procedure rather than apply for planning permission under s299 of the 1990 Act. Appeal dismissed. View judgment at www.bailii.org. |
| 590 ## - LOCAL NOTE (RLIN) | |
| Local note | ABS |
| 590 ## - LOCAL NOTE (RLIN) | |
| Local note | ABS |
| 590 ## - LOCAL NOTE (RLIN) | |
| Local note | ABS |
| 650 ## - SUBJECT ADDED ENTRY--TOPICAL TERM | |
| Topical term or geographic name entry element | CROWN IMMUNITY |
| 650 ## - SUBJECT ADDED ENTRY--TOPICAL TERM | |
| Topical term or geographic name entry element | DESIGN BUILD AND OPERATE |
| 650 ## - SUBJECT ADDED ENTRY--TOPICAL TERM | |
| Topical term or geographic name entry element | ASYLUM SEEKERS |
| 650 ## - SUBJECT ADDED ENTRY--TOPICAL TERM | |
| Topical term or geographic name entry element | R V FIRST SOS AND ANOTHER EX P CHERWELL DC |
| 650 ## - SUBJECT ADDED ENTRY--TOPICAL TERM | |
| Topical term or geographic name entry element | PLANNING PERMISSION |
| 650 ## - SUBJECT ADDED ENTRY--TOPICAL TERM | |
| Topical term or geographic name entry element | TOWN AND COUNTRY PLANNING ACT 1990 S299 |
| 650 ## - SUBJECT ADDED ENTRY--TOPICAL TERM | |
| Topical term or geographic name entry element | DOE CIRCULAR 18/84 |
| 650 ## - SUBJECT ADDED ENTRY--TOPICAL TERM | |
| Topical term or geographic name entry element | NATIONAL PLANNING POLICY |
| 690 ## - LOCAL SUBJECT ADDED ENTRY--TOPICAL TERM (OCLC, RLIN) | |
| Topical term or geographic name as entry element | PLANNING -CASE LAW |
| 856 ## - ELECTRONIC LOCATION AND ACCESS | |
| Uniform Resource Identifier | <a href="https://www.bailii.org/ew/cases/EWCA/Civ/2004/1420.html">https://www.bailii.org/ew/cases/EWCA/Civ/2004/1420.html</a> |
| Public note | View judgment on the BAILII website... |
| 856 ## - ELECTRONIC LOCATION AND ACCESS | |
| Uniform Resource Identifier | <a href="https://www.bailii.org/ew/cases/EWCA/Civ/2004/1420.html">https://www.bailii.org/ew/cases/EWCA/Civ/2004/1420.html</a> |
| Public note | View judgment on the BAILII website... |
| 856 ## - ELECTRONIC LOCATION AND ACCESS | |
| Uniform Resource Identifier | <a href="https://www.bailii.org/ew/cases/EWCA/Civ/2004/1420.html">https://www.bailii.org/ew/cases/EWCA/Civ/2004/1420.html</a> |
| Public note | View judgment on the BAILII website... |
| 942 ## - ADDED ENTRY ELEMENTS (KOHA) | |
| Suppress in OPAC | 0 |
| Withdrawn status | Lost status | Source of classification or shelving scheme | Damaged status | Not for loan | Home library | Current library | Shelving location | Date acquired | Total Checkouts | Full call number | Barcode | Date last seen | Copy number | Price effective from | Koha item type |
|---|---|---|---|---|---|---|---|---|---|---|---|---|---|---|---|
| Dewey Decimal Classification | London | London | Journal article | 18/11/2004 | ABS68457 | 128040-1001 | 06/08/2019 | 1 | 06/08/2019 | Law report | |||||
| Dewey Decimal Classification | Virtual | Virtual | Online | 18/11/2004 | ONLINE | 128040-2001 | 06/08/2019 | 1 | 06/08/2019 | Law report |